| 000 | 00572nam a22001935a 4500 | ||
|---|---|---|---|
| 005 | 20161010120759.0 | ||
| 008 | 161010t2015 ii a fr 000 0 eng d | ||
| 020 | _a9789351526742 | ||
| 040 |
_aEG-ScBUE _beng _cEG-ScBUE _dEG-ScBUE |
||
| 082 | 0 | 4 |
_a618 _bKUM _222 |
| 100 | 1 |
_aKumar, Suraj. _941391 |
|
| 245 | 1 | 0 |
_aSmart dental revision / _cSuraj Kumar. |
| 260 |
_aNew Delhi : _bThe Health Sciences Publisher, _cc.2015. |
||
| 300 |
_a648 p. : _bill. ; _c28 cm. |
||
| 650 | 7 |
_2BUEsh _941389 _aMedical sciences. |
|
| 651 | _2BUEsh | ||
| 653 |
_bDDent _cOctober2016 |
||
| 942 | _2ddc | ||
| 999 |
_c22484 _d22456 |
||